<?xml version="1.0" encoding="UTF-8"?>
<record
    xmlns:xsi="http://www.w3.org/2001/XMLSchema-instance"
    xsi:schemaLocation="http://www.loc.gov/MARC21/slim http://www.loc.gov/standards/marcxml/schema/MARC21slim.xsd"
    xmlns="http://www.loc.gov/MARC21/slim">

  <leader>01406    a2200229   4500</leader>
  <controlfield tag="001">45575</controlfield>
  <controlfield tag="005">20260407155728.0</controlfield>
  <controlfield tag="008">260407a1965    arg                 spa d</controlfield>
  <controlfield tag="003">AR-UNSa-BCEJYS</controlfield>
  <datafield tag="040" ind1=" " ind2=" ">
    <subfield code="a">AR-UNSa-BCEJYS</subfield>
    <subfield code="b">spa</subfield>
    <subfield code="c">AR-UNSa-BCEJYS</subfield>
  </datafield>
  <datafield tag="080" ind1=" " ind2=" ">
    <subfield code="a">338.3</subfield>
    <subfield code="x">Producci&#xF3;n</subfield>
  </datafield>
  <datafield tag="245" ind1="1" ind2="0">
    <subfield code="a">Producci&#xF3;n de mercanc&#xED;as por medio de mercanc&#xED;as</subfield>
    <subfield code="p">preludio a una cr&#xED;tica de la Teor&#xED;a Econ&#xF3;mica</subfield>
  </datafield>
  <datafield tag="264" ind1=" " ind2="1">
    <subfield code="a">Barcelona :</subfield>
    <subfield code="b">Oikos-tau</subfield>
    <subfield code="c">1965</subfield>
  </datafield>
  <datafield tag="300" ind1=" " ind2=" ">
    <subfield code="a">137 p.</subfield>
    <subfield code="c">21 cm.</subfield>
  </datafield>
  <datafield tag="505" ind1=" " ind2=" ">
    <subfield code="a">Parte I : INDUSTRIAS DE PRODUCTOS SIMPLES Y CAPITAL CIRCULANTE : 1. Producci&#xF3;n de subsistencia &#x2013; 2. Producci&#xF3;n con un exc&#xE9;dete &#x2013; 3. Producciones entre el trabajo y los medios de producci&#xF3;n &#x2013; 4. La mercanc&#xED;a patr&#xF3;n &#x2013; 5. Car&#xE1;cter &#xFA;nico del sistema patr&#xF3;n &#x2013; 6. Reducci&#xF3;n a cantidades de trabajo fechadas - - Parte II : INDUSTRIAS DE PRODUCTOS M&#xDA;LTIPLES Y CAPITAL FIJO : 7. Producci&#xF3;n conjunta &#x2013; 8. El sistema patr&#xF3;n con productos conjuntos &#x2013; 9. Otros efectos de la producci&#xF3;n conjunta &#x2013; 10. Capital fijo &#x2013; 11. Tierra - - Parte III : DESPLAZAMIENTO EN LOS M&#xC9;TODOS DE PRODUCCI&#xD3;N : 12. Desplazamiento en los m&#xE9;todos de producci&#xF3;n. </subfield>
  </datafield>
  <datafield tag="041" ind1=" " ind2=" ">
    <subfield code="a">spa</subfield>
  </datafield>
  <datafield tag="942" ind1=" " ind2=" ">
    <subfield code="c">BK</subfield>
  </datafield>
  <datafield tag="590" ind1=" " ind2=" ">
    <subfield code="a">niveau_biblio:m niveau_hierar:0</subfield>
  </datafield>
  <datafield tag="100" ind1="1" ind2=" ">
    <subfield code="a">Sraffa, Piero</subfield>
  </datafield>
  <datafield tag="700" ind1="1" ind2=" ">
    <subfield code="a">Rojo Duque, Luis &#xC1;ngel</subfield>
  </datafield>
  <datafield tag="856" ind1="4" ind2="1">
    <subfield code="u">https://www.biblioeco.unsa.edu.ar/pmb/images/libros/L26737.jpg</subfield>
    <subfield code="y">Imagen de portada</subfield>
    <subfield code="q">image/jpeg</subfield>
  </datafield>
  <datafield tag="999" ind1=" " ind2=" ">
    <subfield code="c">3975</subfield>
    <subfield code="d">3975</subfield>
  </datafield>
  <datafield tag="952" ind1=" " ind2=" ">
    <subfield code="0">0</subfield>
    <subfield code="1">0</subfield>
    <subfield code="4">0</subfield>
    <subfield code="7">0</subfield>
    <subfield code="a">BCEJYS</subfield>
    <subfield code="b">BCEJYS</subfield>
    <subfield code="c">16</subfield>
    <subfield code="d">2026-04-07</subfield>
    <subfield code="l">0</subfield>
    <subfield code="o">338.3 S774</subfield>
    <subfield code="p">L26737</subfield>
    <subfield code="r">2026-04-07 15:57:28</subfield>
    <subfield code="w">2026-04-07</subfield>
    <subfield code="y">L</subfield>
  </datafield>
</record>
